00279nam a22000977a 4500003000400000005001700004008004100021040000800062100001900070245009200089OSt20210114165740.0210109b ||||| |||| 00| 0 eng d cDDC aFant, Clyde E. a20 centuries of great preachingban encyclopedia of preaching; VOL 12/ MARSHALL TO KING